[Event "RUS-ch Higher League 70th"]
[Site "Sochi"]
[Date "2017.07.04"]
[Round "3"]
[White "Ulyanin, Sergei"]
[Black "Oganian, Miran"]
[Result "0-1"]
[WhiteElo "2328"]
[BlackElo "2462"]
[PlyCount "88"]
[EventDate "2017.07.02"]
[EventType "swiss"]
[EventRounds "9"]
[EventCountry "RUS"]
[SourceTitle "CBM 180"]
[Source "ChessBase"]
[SourceDate "2017.09.13"]
[SourceVersion "1"]
[SourceVersionDate "2017.09.13"]
[SourceQuality "1"]

1. e4 c5 2. Nf3 d6 3. d4 cxd4 4. Nxd4 Nf6 5. Nc3 a6 6. Bg5 Nbd7 7. f4 Qc7 8. Qf3 h6 9. Bh4 g5 10. fxg5 hxg5 11. Bxg5 Qc5 12. Be3 Ne5 13. Qe2 Neg4 14. Bg1 Bh6 15. a3 Qg5 16. g3 Ne5 17. Bg2 Bg4 18. Qf2 Nc4 19. h3 Bd7 20. Nf5 Nxb2 21. h4 Qg6 22. Rb1 Nc4 23. Nxh6 Qxh6 24. Qd4 Nxa3 25. Qd2 Qxd2+ 26. Kxd2 Nxb1+ 27. Nxb1 Bc6 28. Nc3 Rg8 29. Bf2 Ng4 30. Bd4 Ne5 31. Bf2 e6 32. Ne2 Kd7 33. Nd4 Rg4 34. Nxc6 Kxc6 35. Ke3 b5 36. Bh3 Rgg8 37. Kf4 a5 38. h5 a4 39. Bd4 a3 40. h6 Rg6 41. h7 Rh6 42. Bxe6 Rxe6 43. h8Q Rxh8 44. Rxh8 Ng6+ 0-1

[Event "Chigorin Memorial 20th"]
[Site "St Petersburg"]
[Date "2012.11.04"]
[Round "9"]
[White "Balaian, Alina"]
[Black "Ulyanin, Sergei"]
[Result "1-0"]
[WhiteElo "2180"]
[BlackElo "2308"]
[PlyCount "73"]
[EventDate "2012.10.27"]
[EventType "swiss"]
[EventRounds "9"]
[EventCountry "RUS"]
[SourceTitle "EXT 2013"]
[Source "ChessBase"]
[SourceDate "2012.11.22"]
[SourceVersion "1"]
[SourceVersionDate "2012.11.22"]
[SourceQuality "1"]

1. e4 c6 2. d4 d5 3. f3 e6 4. Nc3 Nf6 5. Bf4 c5 6. Nb5 Na6 7. e5 Nd7 8. c3 cxd4 9. cxd4 Bb4+ 10. Bd2 0-0 11. f4 f6 12. Nf3 fxe5 13. fxe5 Nb6 14. b3 Bd7 15. a3 Bxb5 16. Bxb5 Bxd2+ 17. Qxd2 Rc8 18. 0-0 Nb8 19. Bd3 Qe7 20. Qg5 Rc7 21. Bxh7+ Kxh7 22. Qh5+ Kg8 23. Ng5 g6 24. Qxg6+ Kh8 25. Qh6+ Kg8 26. Rxf8+ Qxf8 27. Qxf8+ Kxf8 28. Nxe6+ Ke7 29. Nxc7 a6 30. Rf1 Nc6 31. e6 Nd8 32. h4 Kd6 33. h5 Nc8 34. h6 Ne7 35. h7 Ng6 36. Rf6 Nh8 37. Rf8 1-0

[Event "Chigorin Memorial 20th"]
[Site "St Petersburg"]
[Date "2012.10.30"]
[Round "4"]
[White "Ulyanin, Sergei"]
[Black "Potyavin, Igor"]
[Result "1-0"]
[WhiteElo "2308"]
[BlackElo "2049"]
[PlyCount "46"]
[EventDate "2012.10.27"]
[EventType "swiss"]
[EventRounds "9"]
[EventCountry "RUS"]
[SourceTitle "EXT 2013"]
[Source "ChessBase"]
[SourceDate "2012.11.22"]
[SourceVersion "1"]
[SourceVersionDate "2012.11.22"]
[SourceQuality "1"]

1. e4 c5 2. Nf3 d6 3. c3 Nf6 4. Be2 Nc6 5. d4 cxd4 6. cxd4 e6 7. Nc3 Be7 8. 0-0 0-0 9. Bf4 a6 10. a4 d5 11. e5 Nd7 12. Bd3 f5 13. exf6 Nxf6 14. Bg5 Qb6 15. Qd2 Bb4 16. Rae1 Bd7 17. Bc2 Rf7 18. Qd3 Bd6 19. Ne5 Nb4 20. Qd2 Nxc2 21. Qxc2 Re7 22. Re3 Be8 23. Rfe1 Qxd4 1-0

[Event "Vladimir op-A"]
[Site "Vladimir"]
[Date "2009.08.20"]
[Round "2"]
[White "Kashtanov, Ruslan"]
[Black "Ulyanin, Sergei"]
[Result "1-0"]
[WhiteElo "2345"]
[BlackElo "2306"]
[PlyCount "69"]
[EventDate "2009.08.19"]
[EventType "swiss"]
[EventRounds "9"]
[EventCountry "RUS"]
[SourceTitle "EXT 2010"]
[Source "ChessBase"]
[SourceDate "2010.11.25"]
[SourceVersion "1"]
[SourceVersionDate "2010.11.25"]
[SourceQuality "1"]

1. e4 c6 2. c4 d5 3. cxd5 cxd5 4. exd5 Nf6 5. Nc3 Nxd5 6. Nf3 Nc6 7. Bb5 e6 8. 0-0 Be7 9. d4 0-0 10. Re1 Bd7 11. Bd3 Rc8 12. a3 Nxc3 13. bxc3 Bf6 14. Bc2 Ne7 15. Qd3 Ng6 16. Nd2 Bc6 17. Ne4 Bxe4 18. Rxe4 Qd5 19. Rb1 Rfd8 20. Bd2 b6 21. a4 Qc6 22. Rb5 Rd5 23. Bb3 Rxb5 24. axb5 Qd6 25. h4 Nf8 26. h5 Qa3 27. Bc2 Qa2 28. g4 h6 29. f4 Be7 30. g5 f5 31. gxf6 Bxf6 32. Re2 Qd5 33. f5 Re8 34. Bf4 Kh8 35. Bb1 1-0

[Event "Northwest FR-ch"]
[Site "St Petersburg"]
[Date "2008.03.28"]
[Round "9"]
[White "Ulyanin, Sergei"]
[Black "Malinin, Yuri"]
[Result "1-0"]
[WhiteElo "2288"]
[BlackElo "2368"]
[PlyCount "32"]
[EventDate "2008.03.21"]
[EventType "swiss"]
[EventRounds "9"]
[EventCountry "RUS"]
[SourceTitle "EXT 2022"]
[Source "ChessBase"]
[SourceDate "2021.10.06"]
[SourceVersion "1"]
[SourceVersionDate "2021.10.06"]
[SourceQuality "1"]

1. Nf3 c5 2. c4 Nc6 3. Nc3 g6 4. g3 Bg7 5. Bg2 d6 6. 0-0 Qd7 7. d3 b6 8. Bd2 Bb7 9. a3 e6 10. Rb1 Nge7 11. b4 0-0 12. Qa4 Rfd8 13. Rfe1 Nf5 14. Bg5 Re8 15. Bd2 cxb4 16. Ne4 Qe7 1-0